Statistics for Marvin Gaye Discography

Click here to take the quiz!

General Stats

  • This quiz has been taken 5 times
  • The average score is 11 of 72

Answer Stats

TypeYearName% Correct
Album1971What's Going On
80%
Reissued Album2011What's Going On (40th Anniversary Super Deluxe Edition)
80%
Reissued Album2001What's Going On (Deluxe Edition)
80%
Album1973Let's Get It On
60%
Reissued Album2001Let's Get It On (Deluxe Edition)
60%
Compilation198818 Greatest Hits
40%
Duet Album1973Diana & Marvin
40%
Compilation1983Greatest Hits
40%
Compilation1964Greatest Hits
40%
Compilation1970Greatest Hits
40%
Compilation1967Greatest Hits, Vol. 2
40%
Album1978Here, My Dear
40%
Reissued Album2008Here, My Dear (Expanded Edition)
40%
Album1976I Want You
40%
Reissued Album2003I Want You (Deluxe Edition)
40%
Compilation1976Marvin Gaye's Greatest Hits
40%
Compilation200020th Century Masters - The Millennium Collection: The Best of Marvin Gaye, Vol. 1 - The 1960's
20%
Compilation200120th Century Masters - The Millennium Collection: The Best of Marvin Gaye, Vol. 2 - The 1970's
20%
Compilation1974Anthology: The Best of Marvin Gaye
20%
Album1968I Heard It Through the Grapvine!
20%
Album1981In Our Lifetime
20%
Reissued Album2007In Our Lifetime (Expanded Love Man Deluxe Edition)
20%
Live Album1974Marvin Gaye Live!
20%
Album1982Midnight Love
20%
Album1969M.P.G.
20%
Compilation2002The Very Best of Marvin Gaye
20%
Posthumous Album1997Vulnerable
20%
Album1964When I'm Alone I Cry
20%
Duet Album1968You're All I Need
20%
Duets Compilation200120th Century Masters - The Millennium Collection: The Best of Marvin Gaye & Tami Terrell
0%
Compilation1988A Musical Testament: 1964-1984
0%
Compilation1995Anthology
0%
Compilation1984Anthology
0%
Tribute Album1965A Tribute to the Great Nat "King" Cole
0%
Compilation2013Ballads
0%
Posthumous Album1985Dream of a Lifetime
0%
Duet Album1969Easy
0%
Compilation1983Every Great Motown Hit of Marvin Gaye
0%
Album1964Hello Broadway
0%
Album1965How Sweet It Is to Be Loved by You
0%
Compilation2010Icon
0%
Live Album1977Live at the London Palladium
0%
Compilation2002Love Songs: Bedroom Ballads
0%
Duets Compilation2001Love Songs: Greatest Duets
0%
Compilation1999Love Starved Heart (Expanded Edition)
0%
Compilation1994Love Starved Heart: Rare and Unreleased
0%
Compilation1969Marvin Gaye and His Girls
0%
Live Album2005Marvin Gaye at the Copa
0%
Compilation2005Marvin Gaye: Gold
0%
Live Album1963Marvin Gaye Recorded Live on Stage
0%
Compilation2000Marvin Gaye: The Love Songs
0%
Reissued Album1998Midnight Love and the Sexual Healing Sessions
0%
Album1966Moods of Marvin Gaye
0%
Compilation1986Motown Remembers Marvin Gaye: Never Before Released Masters
0%
Duet Album1980Motown Superstar Series
0%
Compilation2008Playlist Your Way
0%
Posthumous Album1985Romantically Yours
0%
Compilation2011S.O.U.L.: Marvin Gaye
0%
Compilation2012S.O.U.L.: Marvin Gaye Volume 2
0%
Compilation1970Super Hits
0%
Duet Album1966Take Two
0%
Album1970That's the Way Love Is
0%
Album1962That Stubborn Kinda Fellow
0%
Duets Compilation2001The Complete Duets
0%
Compilation1990The Marvin Gaye Collection
0%
Box Set1995The Master (1961-1984)
0%
Compilation1994The Norman Whitfield Sessions
0%
Album1961The Soulful Moods of Marvin Gaye
0%
Duet Album1964Together
0%
Album1972Trouble Man
0%
Reissued Album2012Trouble Man (40th Anniversary Expanded Edition)
0%
Duet Album1967United
0%

Score Distribution

Percentile by Number Answered

Percent of People with Each Score

Your Score History

You have not taken this quiz